Lo que no sabe Pupeta / (Registro nro. 66724)
[ vista simple ]
| 000 -LEADER | |
|---|---|
| fixed length control field | 00996nam a2200277 u 4500 |
| 001 - CONTROL NUMBER | |
| control field | 66724 |
| 005 - DATE AND TIME OF LATEST TRANSACTION | |
| control field | 20221121095932.0 |
| 008 - FIXED-LENGTH DATA ELEMENTS--GENERAL INFORMATION | |
| fixed length control field | 170302s2012 mx a r 000 0 spa d |
| 020 ## - INTERNATIONAL STANDARD BOOK NUMBER | |
| International Standard Book Number | 9786071610973 |
| 040 ## - CATALOGING SOURCE | |
| Original cataloging agency | MX-PuUPA |
| Language of cataloging | spa |
| Description conventions | rda |
| Transcribing agency | Mx-PuUPA |
| Modifying agency | Mx-PuUPA |
| 041 0# - LANGUAGE CODE | |
| Language code of text/sound track or separate title | spa |
| 082 0# - DEWEY DECIMAL CLASSIFICATION NUMBER | |
| Classification number | 808.068 |
| Item number | MAR |
| 100 1# - MAIN ENTRY--PERSONAL NAME | |
| Personal name | Mardel, Javier, |
| Dates associated with a name | 1978- |
| Relator term | autor |
| 9 (RLIN) | 6406 |
| 245 13 - TITLE STATEMENT | |
| Title | Lo que no sabe Pupeta / |
| Statement of responsibility, etc. | Javier Mardel ; ilustrado por Cecilia Rébora. |
| 250 ## - EDITION STATEMENT | |
| Edition statement | Primera edición |
| 264 #1 - PRODUCTION, PUBLICATION, DISTRIBUTION, MANUFACTURE, AND COPYRIGHT NOTICE | |
| Place of production, publication, distribution, manufacture | Ciudad de México : |
| Name of producer, publisher, distributor, manufacturer | Fundación para las Letras Mexicanas, |
| Date of production, publication, distribution, manufacture, or copyright notice | 2012 |
| 300 ## - PHYSICAL DESCRIPTION | |
| Extent | 44 páginas sin numerar : |
| Other physical details | ilustraciones ; |
| Dimensions | 25 cm. |
| 336 ## - CONTENT TYPE | |
| Content type term | texto |
| Source | rdacontent |
| Content type code | txt |
| 337 ## - MEDIA TYPE | |
| Media type term | sin medio |
| Source | rdamedia |
| Media type code | n |
| 338 ## - CARRIER TYPE | |
| Carrier type term | volumen |
| Source | rdacarrier |
| Carrier type code | nc |
| 490 0# - SERIES STATEMENT | |
| Series statement | 25 Años A la Orilla del Viento |
| 500 ## - GENERAL NOTE | |
| General note | "Premio Hispanoamericano de Poesía para Niños 2011". -- Cubierta |
| 650 #4 - SUBJECT ADDED ENTRY--TOPICAL TERM | |
| Topical term or geographic name entry element | Poesía infantil |
| 700 1# - ADDED ENTRY--PERSONAL NAME | |
| Personal name | Rébora, Cecilia, |
| Numeration | ilustrador |
| 942 ## - ADDED ENTRY ELEMENTS (KOHA) | |
| Classification part | 808.068 |
| Item part | MAR |
| Koha item type | Libro |
| Withdrawn status | Lost status | Source of classification or shelving scheme | Damaged status | Not for loan | Collection code | Home library | Current library | Shelving location | Date acquired | Source of acquisition | Inventory number | Total Checkouts | Full call number | Barcode | Date last seen | Price effective from | Koha item type |
|---|---|---|---|---|---|---|---|---|---|---|---|---|---|---|---|---|---|
| Dewey Decimal Classification | Infantil | Biblioteca Karol Wojtyla | Biblioteca Karol Wojtyla | Área de silencio | 02/03/2017 | Compra | 151000000000000000065997 | 808.068 MAR 2012 | 96983 | 05/01/2026 | 03/03/2017 | Libro infantil |